| 000 | 01305nam a2200289 i 4500 | ||
|---|---|---|---|
| 003 | DO-SdBNP | ||
| 005 | 20240226144121.0 | ||
| 006 | a||||gr|||| 00| 0 | ||
| 007 | ta | ||
| 008 | 230822e2008 dr ||||| |||| 00| e spa d | ||
| 040 |
_aDO-SdBNP _bspa _cBNPHU _erda |
||
| 082 | 4 |
_222 _bP422v |
|
| 100 | 1 |
_aVallejo de Paredes, Margarita _923195 _eautora |
|
| 245 | 1 | 0 |
_aVida y obras de Ercilia Pepín y Ercilia Pepín y su incidencia en la educación dominicana. / _cMargarita Vallejo de Paredes. |
| 246 | 1 | 3 | _aErcilia Pepín y su incidencia en la educación dominicana. |
| 264 |
_aSanto Domingo : _bTaller, _c2008 |
||
| 300 |
_a154 páginas ; _c16 cm. |
||
| 336 |
_2rdacontent _atexto _btxt |
||
| 337 |
_2rdamedia _asin mediación _bn |
||
| 338 |
_2rdacarrier _avolumen _bnc |
||
| 500 | _aEste trabajo obtuvo una mención honorífica en el Concurso nacional sobre la Vida y Obra de Ercilia Pepín convocado por la Comisión Permanente de la Feria Nacional del Libro para el año 1993, fecha en que se dedicó dicha Feria a esta insigne educadora de Santiago.-- | ||
| 500 | _aIncluye datos biográficos de la autora en la contracubierta. | ||
| 504 | _aBibliografía: páginas 147 - 152 | ||
| 590 | _aInventariado 2023 / MF | ||
| 600 | 1 | 0 |
_aPepín, Ercilia, _d1886-1939 _xBiografía _96456 |
| 942 |
_2ddc _cLBS1 |
||
| 999 |
_c54502 _d54502 |
||